Orientación en el espacio
Saved in:
| Main Authors: | , |
|---|---|
| 格式: | 圖書 |
| 語言: | 西班牙语 |
| 出版: |
Barcelona
J. Domingo Ferrer S.A
1975
|
| 版: | 1a. ed |
| 主題: | |
| 標簽: |
添加標簽
沒有標簽, 成為第一個標記此記錄!
|
MARC
| LEADER | 00000nam a2200000 a 4500 | ||
|---|---|---|---|
| 001 | UCI3691 | ||
| 003 | CL-VaPUC | ||
| 008 | 071123e19750000SP |||||||||||||||||spa|d | ||
| 082 | 0 | 4 | |a 372.3 |b KUN |2 21 |
| 100 | 0 | |a Kunze, Reinhart |e author |9 525198 | |
| 700 | 0 | |a Vogel, Heinz |e author |9 525199 | |
| 245 | 1 | 0 | |a Orientación en el espacio |
| 250 | |a 1a. ed | ||
| 300 | |a 32 p | ||
| 942 | |c BK | ||
| 945 | |d 20071123 00:00:00 |a rbrito | ||
| 260 | |a Barcelona |b J. Domingo Ferrer S.A |c 1975 | ||
| 650 | 0 | |a Educación básica |9 224933 | |
| 650 | 7 | |a MOTRICIDAD |2 CL-VaPUC |9 307419 | |
| 650 | 0 | |a Percepción |9 266750 | |
| 650 | 0 | |a Espacio |9 336785 | |
| 583 | |a last modification |c 20071123 00:00:00 |k Rodrigo Vera | ||
| 999 | |c 327823 |d 327821 | ||
| 952 | |0 0 |1 0 |2 ddc |4 0 |6 372_300000000000000_KUN_1975 |7 0 |8 A |9 411291 |a BIBEDU |b BIBEDU |c GEN |d 2019-11-22 |i 4392000 |o 372.3 KUN 1975 |p 4392000 |r 2019-11-22 |w 2019-11-22 |y BK |k EPE | ||